000 01086nam a2200277 a 4500
001 000025494
005 20200930023829.0
008 110217s1987 dr 000 0 spa d
040 _aDO-SdBNP
_bspa
_cBNPHU
082 _a305.5633
_bR696c
100 1 _aRodríguez, Frank
_d1938-
_952138
240 1 0 _aEstudio sobre campesinos sin tierra en República Dominicana
245 1 0 _aCampesinos sin tierra /
_cFrank Rodríguez.
260 _aSanto Domingo :
_bTaller,
_c1987.
300 _a204 p. ;
_c24 cm.
490 1 _aBiblioteca Taller ;
_v252
500 _aIncluye datos biográficos del autor en la contracubierta
500 _aIncluye referencias bibliográficas y notas al pie de las páginas
504 _aBibliografía : p. 191-194
590 _aInventariado, 2018/BT
650 4 _aCampesinos
_zRepública Dominicana
_xCondiciones económicas
_99402
650 4 _aTenencia de la tierra
_zRepública Dominicana
_96976
650 4 _aTrabajadores agrícolas
_zRepública Dominicana
_98414
830 0 _aBiblioteca Taller ;
_n42
_952139
910 _aValidado. Control de calidad. MFF
999 _c24986
_d24986